SE II (Record no. 4620)
[ view plain ]
| 000 -LEADER | |
|---|---|
| fixed length control field | 00479nam a22001697a 4500 |
| 008 - FIXED-LENGTH DATA ELEMENTS--GENERAL INFORMATION | |
| fixed length control field | 260317b |||||||| |||| 00| 0 eng d |
| 020 ## - INTERNATIONAL STANDARD BOOK NUMBER | |
| ISBN | 9780538748766 |
| 100 ## - MAIN ENTRY--AUTHOR | |
| Author | INGRAM, THOMAS V. |
| 245 ## - TITLE STATEMENT | |
| Title | SE II |
| 260 ## - PUBLICATION, DISTRIBUTION, ETC. (IMPRINT) | |
| Place of publication | USA |
| Name of publisher | CENGAGE LEARNING |
| Date of publication | 2011 |
| 300 ## - COLLATION | |
| Pagination | V,281p. |
| Other physical details | ILL |
| 650 ## - TRACINGS | |
| Main Subject | SELLING |
| Subdivision (1st) | MARKETING |
| 700 ## - ADDITIONAL AUTHOR | |
| Additional Author | LAFORGE, RAYMOND W. 3. AUILA, RAYMON A. 4. SCHWEPKER, CHARLES H. 5. WILLIAMS MICHEAL R. |
| 942 ## - ADDED ENTRY ELEMENTS (KOHA) | |
| Item type | Books |
| 050 ## - LIBRARY OF CONGRESS CALL NUMBER | |
| Classification number | HF5438.25 |
| Source of classification or shelving scheme | Not for loan | Permanent location | Current location | Date acquired | Accession No. | Full call number | Barcode. | Copy number | Koha item type |
|---|---|---|---|---|---|---|---|---|---|
| Library of Congress Classification | Samuel Ogbemudia Main Library, University of Abuja | Samuel Ogbemudia Main Library, University of Abuja | 03/17/2026 | 2017/49913 | HF5438.25 | 2026-0107 | 1 | Books |